Communes des Hauts-de-France avec les plus bas salaires - Statistiques

Statistiques générales
  • Ce quiz a été pris 24 fois
  • Le résultat moyen est 5 sur 30
Statistiques - réponses
Salaire Département Ville % Correct
1261 Pas-de-Calais Lens
86%
1100 Nord Roubaix
82%
1229 Nord Maubeuge
55%
1173 Oise Creil
41%
1091 Nord Denain
36%
1244 Aisne Hirson
36%
1175 Aisne Bohain-en-Vermandois
27%
1244 Nord Fourmies
27%
1260 Nord Grande-Synthe
18%
1186 Pas-de-Calais Sallaumines
18%
1186 Nord Avesnes-sur-Helpe
14%
1137 Nord Louvroil
14%
1242 Pas-de-Calais Auchel
9%
1220 Nord Hautmont
9%
1230 Pas-de-Calais Marles-les-Mines
9%
1230 Nord Anzin
5%
1278 Pas-de-Calais Billy-Montigny
5%
1213 Nord Condé-sur-l'Escaut
5%
1264 Nord Escaudain
5%
1249 Pas-de-Calais Hesdin
5%
1190 Aisne La Fère
5%
1261 Nord Le Cateau-Cambrésis
5%
1247 Nord Quiévrechain
5%
1236 Nord Waziers
5%
1267 Nord Beuvrages
0%
1243 Nord Escautpont
0%
1215 Pas-de-Calais Frévent
0%
1236 Pas-de-Calais Grenay
0%
1268 Nord Haveluy
0%
1110 Nord Lourches
0%
Aucun quiz correspondant
Distribution des résultats
% des personnes avec chaque résultat
Percentile par nombre de réponses
Votre historique - résultats
Vous n’avez pas pris ce quiz